| 000 | 00818nam a2200277 a 4500 | ||
|---|---|---|---|
| 005 | 20210223123953.0 | ||
| 008 | 991125n 000 0 spa u | ||
| 035 | _aUPN01000088813 | ||
| 100 | 1 |
_aOlivares Rodríguez, José _929775 |
|
| 222 | 0 | _aANALISIS Y MODIFICACION DE CONDUCTA | |
| 245 | 0 | 0 | _aNaturaleza, diagnóstico y tratamiento conductual del mutismo electivo : una revisión |
| 260 | _aEspaña | ||
| 300 | _a771-791 | ||
| 362 | 0 | _a1993 Vol. 19, no. 68 | |
| 653 | 0 | _aEDUCACION PREESCOLAR | |
| 653 | 0 | _aMUTISMO SELECTIVO | |
| 653 | 0 | _aPROBLEMAS DE CONDUCTA | |
| 653 | 0 | _aTERAPIA CONDUCTUAL | |
| 700 | 1 | _aMaciá Antón, Diego, | |
| 700 | 1 | _d1954- | |
| 700 | 1 | _ecoaut. | |
| 700 | 1 |
_aMéndez Carrillo, Francisco Xavier _929290 |
|
| 700 | 1 | _ecoaut. | |
| 904 |
_aAC _b026624 |
||
| 905 | _aArticulo | ||
| 999 |
_c73207 _d73207 |
||